000 00178nam a2200085 4500
001 1241607
005 20251013115806.0
245 _aBABAYA MEKTUP
_cFRANZ KAFKA
260 _bYEDİVEREN
999 _c1241607
_d1241607